000
00348nam a2200157Ia 4500
100
_a
Kothari/D.P/ Umashankar/S
650
_a
wind energy
942
_c
BK
366
_f
25
654
_a
wind energy
245
_a
Wind energy systems and applications
260
_b
Narosa
_c
2014
082
_b
KOT
546
_a
ENGLISH
_c
PAMPHALETS
999
_c
33676
_d
33676